000 00227nam a22000857a 4500
008 160827b xxu||||| |||| 00| 0 eng d
100 _9258
_a Shamsi, K.N., et al
245 _aComputers Update - 5
260 _anew delhi
_bCordova
_c2006
999 _c2916
_d2916